| 000 | 00731nam a2200217 i 4500 | ||
|---|---|---|---|
| 001 | C2-0226708 | ||
| 003 | PPAK | ||
| 005 | 20180728154349.0 | ||
| 008 | 000629s1989 my a|||| ||||| | may d | ||
| 040 |
_aPPAK _beng _cPPAK _erda |
||
| 082 | 0 | 4 |
_a929.709595 _223 |
| 090 | 0 | 0 |
_a929.709595 _bIST _dKK |
| 245 | 0 | 0 |
_aIstiadat pengurniaan pingat-pingat kebesaran negeri : _bsempena perayaan Ulangtahun Hari Keputeraan Ke Bawah Duli yang Maha Mulia Tuanku Sultan Kedah |
| 264 | 1 |
_aAlor Setar, Kedah : _b[publisher not identified] , _c1989 |
|
| 300 |
_a13 pages : _billustrations ; _c27 cm |
||
| 336 |
_2rdacontent _atext |
||
| 337 |
_2rdamedia _aunmediated |
||
| 338 |
_2rdacarrier _avolume |
||
| 500 | _aCenderamata | ||
| 942 |
_ddc _cB |
||
| 999 |
_c146943 _d146943 |
||